Slovensko. Ilustrovaná encyklopédia pamiatok : Historická architektúra. Pamiatky výtvarného umenia. Pamätihodnosti

Na minha lista:
Detalhes bibliográficos
Autor principal: Kresánek, Peter (Author)
Formato: Livro
Idioma:eslovaco
Publicado em: Bratislava : Simplicissimus vydavateľstvo, 2009
Assuntos:
Tags: Adicionar Tag
Sem tags, seja o primeiro a adicionar uma tag!

MARC

LEADER 00000nam a22000003a 4500
001 stu185223
005 20191121103611.5
008 090609s2009----xo------------------slo-d
020 |a 978-80-969839-0-2 
040 |a STU  |b slo 
041 0 |a slo 
044 |a xo 
080 |a 904(437.6) 
100 1 |a Kresánek, Peter  |4 aut 
245 |a Slovensko. Ilustrovaná encyklopédia pamiatok :  |b Historická architektúra. Pamiatky výtvarného umenia. Pamätihodnosti 
260 |a Bratislava :  |b Simplicissimus vydavateľstvo,  |c 2009 
300 |a 983 s 
650 7 |a Slovensko  |2 stusub 
650 7 |a pamiatky  |2 stusub 
650 7 |a encyklopédie  |2 stusub 
650 7 |a slohy architektonické  |2 stusub 
996 |b 284EK87993  |c E*87993  |l EE0101  |s P  |a 0  |w stu185223_0001 
996 |b 284AU04296  |c A*6701 U  |l AAKNAR  |s A  |a 24  |w stu185223_0002 
996 |b 284AU05838  |c A*8637 U  |l AAKNST  |s P  |a 0  |w stu185223_0003 
996 |b 284AU04381  |c A*6825  |l AA3130  |s P  |a 0  |w stu185223_0004